<?xml version="1.0" encoding="UTF-8"?>
<record
    xmlns:xsi="http://www.w3.org/2001/XMLSchema-instance"
    xsi:schemaLocation="http://www.loc.gov/MARC21/slim http://www.loc.gov/standards/marcxml/schema/MARC21slim.xsd"
    xmlns="http://www.loc.gov/MARC21/slim">

  <leader>00744nam a22002057a 4500</leader>
  <controlfield tag="005">20230412113221.0</controlfield>
  <controlfield tag="008">230412b           ||||| |||| 00| 0 eng d</controlfield>
  <datafield tag="020" ind1=" " ind2=" ">
    <subfield code="a">9781484256824</subfield>
  </datafield>
  <datafield tag="040" ind1=" " ind2=" ">
    <subfield code="c">AIMIT LIBRARY</subfield>
  </datafield>
  <datafield tag="082" ind1=" " ind2=" ">
    <subfield code="2">1</subfield>
    <subfield code="a">006.312 </subfield>
    <subfield code="b">BEYT</subfield>
  </datafield>
  <datafield tag="100" ind1=" " ind2=" ">
    <subfield code="a">Beysolow II, Taweh.</subfield>
    <subfield code="9">86839</subfield>
  </datafield>
  <datafield tag="245" ind1=" " ind2=" ">
    <subfield code="a">Introduction to deep learning using R :</subfield>
    <subfield code="b">step- by-step guide to learning and implementing deep learning models using R</subfield>
    <subfield code="c">By Taweh Beysolow II.</subfield>
  </datafield>
  <datafield tag="250" ind1=" " ind2=" ">
    <subfield code="a">1st ed.</subfield>
  </datafield>
  <datafield tag="260" ind1=" " ind2=" ">
    <subfield code="a">New York ;</subfield>
    <subfield code="b">Apress ,</subfield>
    <subfield code="c">2023</subfield>
  </datafield>
  <datafield tag="300" ind1=" " ind2=" ">
    <subfield code="a">xix,227p. ;</subfield>
    <subfield code="b">PB</subfield>
    <subfield code="c">23 cm</subfield>
  </datafield>
  <datafield tag="650" ind1=" " ind2=" ">
    <subfield code="a">Introduction to deep learning</subfield>
    <subfield code="9">86840</subfield>
  </datafield>
  <datafield tag="650" ind1=" " ind2=" ">
    <subfield code="a">Mathematical review</subfield>
    <subfield code="9">86841</subfield>
  </datafield>
  <datafield tag="650" ind1=" " ind2=" ">
    <subfield code="a">Deep learning and other example problems</subfield>
    <subfield code="9">86842</subfield>
  </datafield>
  <datafield tag="942" ind1=" " ind2=" ">
    <subfield code="2">ddc</subfield>
    <subfield code="c">BK</subfield>
    <subfield code="e">1st </subfield>
    <subfield code="k">006.312 BEYT</subfield>
  </datafield>
  <datafield tag="999" ind1=" " ind2=" ">
    <subfield code="c">227176</subfield>
    <subfield code="d">227176</subfield>
  </datafield>
  <datafield tag="952" ind1=" " ind2=" ">
    <subfield code="0">0</subfield>
    <subfield code="1">0</subfield>
    <subfield code="2">ddc</subfield>
    <subfield code="4">0</subfield>
    <subfield code="7">0</subfield>
    <subfield code="8">MCA</subfield>
    <subfield code="a">AIMIT</subfield>
    <subfield code="b">AIMIT</subfield>
    <subfield code="d">2023-03-20</subfield>
    <subfield code="e">Biblios Book Point</subfield>
    <subfield code="g">649.00</subfield>
    <subfield code="i">Bill no:8480; Bill dt:2023-03-20</subfield>
    <subfield code="l">6</subfield>
    <subfield code="o">006.312  BEYT</subfield>
    <subfield code="p">MCA17197</subfield>
    <subfield code="r">2026-05-25 12:20:46</subfield>
    <subfield code="s">2026-04-25</subfield>
    <subfield code="v">519.20</subfield>
    <subfield code="w">2023-04-12</subfield>
    <subfield code="y">BK</subfield>
  </datafield>
</record>
